Japanese religiosity
This book consists of the following many parts: the nature of Japanese religiosity, religiosity and national character, religiosity impression and expression, religiosity and religions.
محفوظ في:
| المؤلف الرئيسي: | |
|---|---|
| التنسيق: | كتاب |
| اللغة: | Undetermined |
| منشور في: |
Tokyo
Oriens Institute for Religious Research,
1971
|
| الوسوم: |
إضافة وسم
لا توجد وسوم, كن أول من يضع وسما على هذه التسجيلة!
|
| Thư viện lưu trữ: | Trung tâm Học liệu Trường Đại học Cần Thơ |
|---|
| LEADER | 00662nam a2200181Ia 4500 | ||
|---|---|---|---|
| 001 | CTU_107746 | ||
| 008 | 210402s9999 xx 000 0 und d | ||
| 082 | |a 200.952 | ||
| 082 | |b S732 | ||
| 100 | |a Spae, Joseph J. | ||
| 245 | 0 | |a Japanese religiosity | |
| 245 | 0 | |c Joseph J. Spae | |
| 260 | |a Tokyo | ||
| 260 | |b Oriens Institute for Religious Research, | ||
| 260 | |c 1971 | ||
| 520 | |a This book consists of the following many parts: the nature of Japanese religiosity, religiosity and national character, religiosity impression and expression, religiosity and religions. | ||
| 904 | |i Mấy Năm | ||
| 980 | |a Trung tâm Học liệu Trường Đại học Cần Thơ | ||